00282nam a2200097Ia 45000010005000000080041000050820028000461000054000742450032001282600024001603558241024s9999 xx 000 0 und d aRD/370.97293/R426r/2013 aRepública Dominicana. Ministerio de Educación 0aRendición de cuentas 2013 bSanto Domingoc2013